Italianos en Costa Rica 1502-1952: de Cristóbal Colón a San Vito de Java

Guardado en:
Bibliografiske detaljer
Hovedforfatter: Bariatti, Rita
Format: Texto
Udgivet: San José: Universidad Autónoma de Centro América
Tags: Tilføj Tag
Ingen Tags, Vær først til at tagge denne postø!

MARC

LEADER 00000 a a2200000 04500
001 38582
003
040
020 |a 9968-42-003-4  
090 |a 1001 B252i  
100 |a Bariatti, Rita  
245 |a Italianos en Costa Rica 1502-1952: de Cristóbal Colón a San Vito de Java  
260 |a San José:   |b Universidad Autónoma de Centro América  
300 |a 457 p.   |b il.  
999 |c 16277  |d 16277